Name The Odd Conference's out. CFB Edition - Statistics

General Stats
  • This quiz has been taken 278 times
  • The average score is 8 of 14
Answers on the Grid
Answers color-coded by a green-red scale on the quiz's grid according to % correct below.
Big Ten
Big 12
SWC
SEC
Big 8
PCC
Big West
Metro Conference
Big East
Conference USA
Mid-American Conference
PAC-12
Mountain West
Airplane Conference
Ivy League
Magnolia League
Patriot League
CAA
United Athletic Conference
AAC
NCAC
ACC
Frontier League
Independents
 
Answer Stats
Answer % Correct
Big Ten
91%
Big 12
77%
SEC
77%
ACC
64%
PAC-12
63%
Independents
61%
Mountain West
59%
Conference USA
58%
Mid-American Conference
55%
AAC
47%
Ivy League
46%
Patriot League
34%
CAA
13%
United Athletic Conference
11%
No matching quizzes found
Score Distribution
Percent of People with Each Score
Percentile by Number Answered
Your Score History
You have not taken this quiz